000 00712nam a2200217 a 4500
999 _c2205
_d2205
001 2205
003 BD-JhCC
005 20171030204919.0
008 171030s19601965bg |||| ||a| 000 0 ben d
035 _a(BD-JhCC)2205
040 _aBD-JhCC
_dBD-JhCC
041 _aben
082 _a891.4409
_bMON 1965
100 _aমনসুরউদ্দীন, মুহম্মদ
245 _aবাংলা সাহিত্যে মুসলিম সাধনা /
_cমুহম্মদ মনসুরউদ্দীন,
260 _aঢাকা :
_bরতন পাবলিশার্স,
_c1965
300 _a289 p. :
_c22 cm.
650 _aBengali Literature
942 _2ddc
_cBK